000 00599nam a22002297a 4500
003 UA-OsUOA
001 41853
007 ta
008 20061016b un ||||| |||| 00| 0 ukr d
100 _aЦвейг Стефан
090 _a929:14
_bЦ26
942 _cBK
040 _aUA-OsUOA
_brus
_cUA-OsUOA
_dUA-OsUOA
245 _aФридрих Ницше
300 _a62 с.
955 _a3
041 _arus
080 _a929:14
260 _aТаллин
_bГНТ МП"Элмика"
_c1990
650 7 _a9 Географія. Біографії. Історія
_2UDC
999 _c327983
_d327983